Normal view
MARC view
Entry Personal Name
001 - CONTROL NUMBER
- control field: 8638
003 - CONTROL NUMBER IDENTIFIER
- control field: BD-RjUL
005 - DATE AND TIME OF LATEST TRANSACTION
- control field: 20230828151732.0
008 - FIXED-LENGTH DATA ELEMENTS
- fixed length control field: 230828|| aca||aabn | a|a d
040 ## - CATALOGING SOURCE
- Original cataloging agency: BD-RjUL
- Transcribing agency: BD-RjUL
100 ## - HEADING--PERSONAL NAME
- Personal name: Shagufta
670 ## - SOURCE DATA FOUND
- Source citation: Work cat.: (BD-RjUL)81795: Shagufta (Author), Fisheries, aquaculture and biotechnology /